000 00385nam a2200145 a 4500
008 970507s1969||||xx 0 und c
040 _aSNK
_bslo
_cSNK
_eAACR2
100 1 _aDostojevskij, Michailovič Fiodor
245 1 0 _aDvojník. Obec Stepančikovo a jej obyvatelia
260 _aBratislava
_bTatran
_c1969
300 _a367s.
020 _c21,50
044 _axo
_cSK
041 _aslo
999 _c10375
_d10375